Sports Quiz

Random Sports or NBA Quiz

NBA Teams - Hollinger's Season Preview Story Title Quiz Stats

 Plays Quiz not verified by Sporcle

Score 0/30 Timer 06:00
0 Plays Today
Season Preview Title NBA Team % Correct
Bucks TrendMilwaukee Bucks
95%
We're Up To You, New YorkNew York Knicks
94.6%
Philly FocusPhiladelphia 76ers
94.5%
Indy RockIndiana Pacers
94.2%
Dancing With WolvesMinnesota Timberwolves
94.2%
Cleveland Rocks?Cleveland Cavaliers
94.1%
Grappling With GrizzliesMemphis Grizzlies
94%
Rose's BudsChicago Bulls
93.8%
Next Time On Dallas...Dallas Mavericks
93.6%
Hear That, Thunder?Oklahoma City Thunder
92.2%
Reintroducing RayMiami Heat
89.8%
Beyond The WallWashington Wizards
89.1%
Planning To MotorDetroit Pistons
85.8%
Ready For Liftoff?Houston Rockets
83.1%
Blazing A New TrailPortland Trail Blazers
81.3%
Season Preview Title NBA Team % Correct
Ain't Their First RodeoSan Antonio Spurs
81.2%
Evolving BirdsAtlanta Hawks
81.1%
Royal (Growing) PainsSacramento Kings
79.8%
Building A BuzzNew Orleans Hornets
74.1%
Up From Last?Charlotte Bobcats
73.4%
Bridge To Success?Golden State Warriors
73.1%
Gold StandardLos Angeles Lakers
71.8%
Northern LightsToronto Raptors
71.3%
The New StartBrooklyn Nets
70.2%
After The Disappearing ActOrlando Magic
68.9%
Three's CompanyBoston Celtics
67.8%
Mine KeepersDenver Nuggets
63.2%
Tuning ForkUtah Jazz
62.6%
Hot ReadPhoenix Suns
62.2%
Picture ThisLos Angeles Clippers
61%

You're not logged in!

Compare scores with friends on all Sporcle quizzes.
OR
Log In

Show Comments

Extras

Top Quizzes Today


Score Distribution

Your Account Isn't Verified!

In order to create a playlist on Sporcle, you need to verify the email address you used during registration. Go to your Sporcle Settings to finish the process.

Report this User

Report this user for behavior that violates our Community Guidelines.

Details: